[Event "Mumbai Wealth U13 op 5th"]
[Site "Mumbai"]
[Date "2020.01.01"]
[Round "3"]
[White "Mendonca, Leon Luke"]
[Black "Akshit, Jha"]
[Result "1-0"]
[WhiteElo "2398"]
[BlackElo "1706"]
[PlyCount "87"]
[EventDate "2019.12.30"]
[EventType "swiss"]
[EventRounds "9"]
[EventCountry "IND"]
[SourceTitle "CBM 194 Extra"]
[Source "ChessBase"]
[SourceDate "2020.03.31"]
[SourceVersion "1"]
[SourceVersionDate "2020.03.31"]
[SourceQuality "1"]

1. d4 d5 2. c4 c6 3. Nf3 Nf6 4. g3 dxc4 5. Bg2 g6 6. 0-0 Nbd7 7. a4 a5 8. Nc3 Bg7 9. e4 Nb6 10. h3 0-0 11. Qe2 h6 12. Be3 Be6 13. Rad1 Nfd7 14. g4 Nf6 15. Ne5 Nfd7 16. Nf3 Nf6 17. Ne5 Nfd7 18. f4 Nxe5 19. dxe5 Qc7 20. f5 Bd7 21. f6 Bh8 22. fxe7 Rfe8 23. Qf2 Rxe7 24. Bxb6 Qxe5 25. Bd4 Qe6 26. Bxh8 Kxh8 27. e5 Rae8 28. Qf6+ Kg8 29. Rd6 Qxe5 30. Qxe5 Rxe5 31. Rxd7 R5e7 32. Rd4 Kg7 33. Rxc4 Rd8 34. Rf2 Rdd7 35. Ne4 Rd1+ 36. Kh2 b5 37. Rxc6 bxa4 38. Rc5 Rd4 39. Rxa5 Rexe4 40. Bxe4 Rxe4 41. Ra7 a3 42. Raxf7+ Kg8 43. Rf8+ Kg7 44. R2f7# 1-0

[Event "Gujarat op 2nd"]
[Site "Ahmedabad"]
[Date "2019.09.22"]
[Round "1"]
[White "Akshit, Jha"]
[Black "Murshed, Niaz"]
[Result "1/2-1/2"]
[WhiteElo "1789"]
[BlackElo "2405"]
[PlyCount "64"]
[EventDate "2019.09.22"]
[EventType "swiss"]
[EventRounds "10"]
[EventCountry "IND"]
[SourceTitle "EXT 2020"]
[Source "ChessBase"]
[SourceDate "2019.10.17"]
[SourceVersion "1"]
[SourceVersionDate "2019.10.17"]
[SourceQuality "1"]

1. e4 c5 2. Nf3 Nc6 3. d4 cxd4 4. Nxd4 Qc7 5. Be3 e6 6. Be2 Nf6 7. Nc3 a6 8. 0-0 Bb4 9. Na4 Be7 10. Nxc6 bxc6 11. Nb6 Rb8 12. Nxc8 Qxc8 13. e5 Nd5 14. Bc1 Bc5 15. c4 Ne7 16. Kh1 Qc7 17. f4 h5 18. b3 h4 19. Bg4 g6 20. Qd3 Qa7 21. Bb2 Nf5 22. Bxf5 gxf5 23. Rf3 a5 24. Rd1 a4 25. Qc2 axb3 26. axb3 Qb6 27. Rfd3 Rb7 28. Qd2 Bb4 29. Qe2 Bc5 30. Qd2 Bb4 31. Qe2 Ra7 32. Bd4 c5 1/2-1/2

[Event "Mumbai Chess Capital op"]
[Site "Mumbai"]
[Date "2019.06.29"]
[Round "3"]
[White "Akshit, Jha"]
[Black "Dharia, Vishal"]
[Result "1/2-1/2"]
[WhiteElo "1646"]
[BlackElo "1395"]
[PlyCount "120"]
[EventDate "2019.06.29"]
[EventType "swiss"]
[EventRounds "7"]
[EventCountry "IND"]
[SourceTitle "CBM 191 Extra"]
[Source "ChessBase"]
[SourceDate "2019.09.30"]
[SourceVersion "1"]
[SourceVersionDate "2019.09.30"]
[SourceQuality "1"]

1. e4 c5 2. Nf3 d6 3. d4 cxd4 4. Nxd4 Nf6 5. f3 Nc6 6. c4 g6 7. Be3 Bg7 8. Nc3 Bd7 9. Nxc6 Bxc6 10. Be2 0-0 11. 0-0 Rc8 12. Rc1 Qa5 13. Qb3 Nd7 14. a3 Nc5 15. Qa2 Na4 16. Nxa4 Qxa4 17. b4 b5 18. Rfd1 a5 19. bxa5 Qxa5 20. cxb5 Bxb5 21. Bxb5 Qxb5 22. a4 Qa5 23. Kf2 Rb8 24. Rb1 Ra8 25. Rb7 Bf6 26. Bd4 Bxd4+ 27. Rxd4 Qc5 28. Qc4 Rxa4 29. Qxa4 e5 30. Rb5 Qxd4+ 31. Qxd4 exd4 32. Rd5 Rd8 33. e5 f6 34. exd6 Kf7 35. Rxd4 Ke6 36. Rh4 h5 37. g4 hxg4 38. Rxg4 g5 39. Re4+ Kxd6 40. Rd4+ Ke7 41. Rxd8 Kxd8 42. Kg3 Ke7 43. h4 gxh4+ 44. Kxh4 Ke6 45. Kg4 f5+ 46. Kh5 Ke5 47. Kg5 f4 48. Kg4 Ke6 49. Kxf4 Kf6 50. Ke4 Ke6 51. Kd3 Kf5 52. Ke2 Kf4 53. Kf2 Kf5 54. Ke3 Ke5 55. f4+ Kf5 56. Kf3 Kf6 57. Ke4 Ke6 58. f5+ Kf6 59. Kf4 Kf7 60. Ke5 Ke7 1/2-1/2

[Event "Kalyan op 2nd"]
[Site "Kalyan"]
[Date "2019.02.03"]
[Round "10"]
[White "Akshit, Jha"]
[Black "Soni, Deepak R"]
[Result "1/2-1/2"]
[WhiteElo "1604"]
[BlackElo "1425"]
[PlyCount "74"]
[EventDate "2019.01.29"]
[EventType "swiss"]
[EventRounds "10"]
[EventCountry "IND"]
[SourceTitle "CBM 188 Extra"]
[Source "ChessBase"]
[SourceDate "2019.02.26"]
[SourceVersion "1"]
[SourceVersionDate "2019.02.26"]
[SourceQuality "1"]

1. e4 e5 2. Nf3 Nc6 3. Bc4 Bc5 4. c3 Nf6 5. d3 d6 6. Bb3 a6 7. h3 h6 8. Nbd2 0-0 9. Nf1 Ne7 10. Ng3 Ng6 11. 0-0 Re8 12. d4 Ba7 13. Bc2 c6 14. Be3 Be6 15. Qd2 Kh7 16. Bd3 Rc8 17. b4 Bb8 18. c4 d5 19. cxd5 cxd5 20. dxe5 dxe4 21. Nxe4 Nxe4 22. Bxe4 Qxd2 23. Bxd2 Re7 24. Rfe1 Kg8 25. Bxg6 fxg6 26. Nd4 Bd5 27. f4 Ba7 28. Be3 Rc4 29. Nf5 gxf5 30. Bxa7 Rxf4 31. Bc5 Re8 32. Red1 Bc6 33. Bd6 Re4 34. Rd2 Kf7 35. a4 Rd8 36. Rb2 Rc4 37. Kf2 Rc8 1/2-1/2

[Event "Kalyan op 2nd"]
[Site "Kalyan"]
[Date "2019.01.30"]
[Round "3"]
[White "Vaval, Aaditi"]
[Black "Akshit, Jha"]
[Result "0-1"]
[WhiteElo "1368"]
[BlackElo "1604"]
[PlyCount "38"]
[EventDate "2019.01.29"]
[EventType "swiss"]
[EventRounds "10"]
[EventCountry "IND"]
[SourceTitle "CBM 188 Extra"]
[Source "ChessBase"]
[SourceDate "2019.02.26"]
[SourceVersion "1"]
[SourceVersionDate "2019.02.26"]
[SourceQuality "1"]

1. e4 e6 2. d4 d5 3. e5 c5 4. c3 Qb6 5. Nf3 Nc6 6. a3 c4 7. Be2 Na5 8. Nbd2 Bd7 9. 0-0 Ne7 10. Rb1 Qc7 11. Qc2 Nc8 12. Bd1 Nb6 13. b4 cxb3 14. Nxb3 Nac4 15. Ra1 Rc8 16. Nbd2 Na4 17. Qb3 Na5 18. Qc2 Nxc3 19. Kh1 Ba4 0-1

[Event "Mumbai Wealth rating op 4th"]
[Site "Mumbai"]
[Date "2019.01.07"]
[Round "9"]
[White "Barde, Om"]
[Black "Akshit, Jha"]
[Result "1-0"]
[WhiteElo "1801"]
[BlackElo "1604"]
[PlyCount "189"]
[EventDate "2018.12.30"]
[EventType "swiss"]
[EventRounds "9"]
[EventCountry "IND"]
[SourceTitle "CBM 188 Extra"]
[Source "ChessBase"]
[SourceDate "2019.02.26"]
[SourceVersion "1"]
[SourceVersionDate "2019.02.26"]
[SourceQuality "1"]

1. e4 c5 2. Nf3 e6 3. c3 d5 4. exd5 exd5 5. d4 Nf6 6. Be2 Bd6 7. 0-0 0-0 8. Bg5 Be6 9. Nbd2 Nc6 10. dxc5 Bxc5 11. Nb3 Bd6 12. Nbd4 Nxd4 13. Qxd4 Be7 14. Rad1 h6 15. Bh4 Qa5 16. a3 a6 17. Qd3 b5 18. Nd4 Qb6 19. Rfe1 Rfe8 20. Bf3 Bd8 21. Bg3 Bc7 22. Rd2 Bg4 23. Rde2 Bxf3 24. Qxf3 Ne4 25. Nf5 Bxg3 26. Nxg3 Qc6 27. Nxe4 dxe4 28. Rxe4 Rxe4 29. Qxe4 Qxe4 30. Rxe4 Rd8 31. Rd4 Ra8 32. Kf1 Kf8 33. Ke2 Ke7 34. Kd2 Rc8 35. Kc2 Ke6 36. Kb3 f5 37. a4 Ke5 38. axb5 axb5 39. Kb4 Rb8 40. Rd2 g5 41. c4 bxc4+ 42. Kxc4 Rc8+ 43. Kb5 Rb8+ 44. Ka6 Ra8+ 45. Kb7 Ra1 46. Kc6 Rb1 47. Kb5 f4 48. f3 h5 49. h3 Kf5 50. b4 g4 51. h4 gxf3 52. gxf3 Rb3 53. Rf2 Ke5 54. Kc4 Rb1 55. Re2+ Kf5 56. Rc2 Rf1 57. Rc3 Ke5 58. Kc5 Re1 59. b5 Re3 60. Kc4 Re1 61. b6 Rb1 62. Rb3 Rc1+ 63. Kd3 Rd1+ 64. Ke2 Rd8 65. b7 Rb8 66. Kd3 Kd5 67. Rb1 Kc6 68. Ke4 Rxb7 69. Rxb7 Kxb7 70. Kxf4 Kc6 71. Kg5 Kd5 72. Kxh5 Ke5 73. Kg6 Kf4 74. h5 Kxf3 75. h6 Ke4 76. h7 Kd4 77. h8Q+ Ke4 78. Qd8 Ke5 79. Qd3 Ke6 80. Qe4+ Kd6 81. Qf5 Kc6 82. Kg5 Kd6 83. Kf4 Kc6 84. Ke4 Kd6 85. Qd5+ Ke7 86. Qc6 Kf7 87. Kf5 Ke7 88. Qe6+ Kd8 89. Qf7 Kc8 90. Ke5 Kb8 91. Kd6 Ka8 92. Kc6 Kb8 93. Kb6 Kc8 94. Qe7 Kb8 95. Qd8# 1-0

[Event "Mumbai Wealth op U13 4th"]
[Site "Mumbai"]
[Date "2019.01.05"]
[Round "7"]
[White "Marzouq, Chowdhury"]
[Black "Akshit, Jha"]
[Result "0-1"]
[WhiteElo "1224"]
[BlackElo "1604"]
[PlyCount "96"]
[EventDate "2018.12.30"]
[EventType "swiss"]
[EventRounds "9"]
[EventCountry "IND"]
[SourceTitle "CBM 188 Extra"]
[Source "ChessBase"]
[SourceDate "2019.02.26"]
[SourceVersion "1"]
[SourceVersionDate "2019.02.26"]
[SourceQuality "1"]

1. e4 e6 2. d4 d5 3. e5 c5 4. c3 Qb6 5. Nf3 Nc6 6. a3 a5 7. Qa4 Bd7 8. Bb5 Nxe5 9. Bxd7+ Nxd7 10. Ne5 Rd8 11. Nd2 cxd4 12. cxd4 Bd6 13. Ndf3 Ngf6 14. Bg5 h6 15. Nxd7 Rxd7 16. Bxf6 gxf6 17. 0-0 Ke7 18. Rfc1 Rc7 19. Re1 Rg8 20. h3 Rcc8 21. Re2 Rg6 22. Rae1 Rcg8 23. Nh4 Rg5 24. Qc2 Bc7 25. Nf5+ Kd8 26. Ne3 Qd6 27. g3 Rxg3+ 28. fxg3 Qxg3+ 29. Ng2 Qh2+ 30. Kf2 Qxg2+ 31. Ke3 Bf4+ 32. Kd3 Rg3+ 33. Re3 Rxe3+ 34. Rxe3 Qxc2+ 35. Kxc2 Bxe3 36. Kd3 Bf4 37. b3 e5 38. a4 e4+ 39. Ke2 Bd6 40. Ke3 f5 41. Ke2 f4 42. h4 f5 43. h5 f3+ 44. Kf2 f4 45. b4 Bxb4 46. Kf1 e3 47. Kg1 e2 48. Kh2 e1Q 0-1

[Event "Mumbai Wealth op U13 4th"]
[Site "Mumbai"]
[Date "2019.01.04"]
[Round "6"]
[White "Akshit, Jha"]
[Black "Sohanganesh, Uddhav Nikam"]
[Result "0-1"]
[WhiteElo "1604"]
[BlackElo "1299"]
[PlyCount "118"]
[EventDate "2018.12.30"]
[EventType "swiss"]
[EventRounds "9"]
[EventCountry "IND"]
[SourceTitle "CBM 188 Extra"]
[Source "ChessBase"]
[SourceDate "2019.02.26"]
[SourceVersion "1"]
[SourceVersionDate "2019.02.26"]
[SourceQuality "1"]

1. e4 e5 2. Nf3 Nc6 3. Bc4 Bc5 4. c3 Nf6 5. d3 d6 6. Bb3 a6 7. h3 Ba7 8. Nbd2 Be6 9. Nf1 Bxb3 10. Qxb3 Rb8 11. Ng3 h6 12. Nf5 0-0 13. 0-0 Ne7 14. N3h4 Kh7 15. Qd1 Ng6 16. Qe2 Nf4 17. Bxf4 exf4 18. Nf3 g6 19. N5d4 c5 20. Nc2 Re8 21. Qd2 g5 22. Rfe1 d5 23. e5 Nh5 24. d4 c4 25. Qe2 f5 26. Nh2 Nf6 27. f3 Nh5 28. Qd1 Re6 29. Nf1 Qe7 30. Kh2 Rg8 31. g4 fxg3+ 32. Nxg3 g4 33. Nxh5 Qh4 34. Nf4 g3+ 35. Kg2 Qxf4 36. Ne3 Rd8 37. Qc2 Rxe5 38. dxe5 Bxe3 39. Rxe3 Qxe3 40. Qxf5+ Kg8 41. Qg6+ Kf8 42. Qf6+ Ke8 43. Kxg3 Kd7 44. Qd6+ Kc8 45. Qe6+ Kc7 46. Rd1 Qg5+ 47. Kf2 Qh4+ 48. Ke2 Qg3 49. Rxd5 Qg2+ 50. Ke3 Qg1+ 51. Ke4 Qb1+ 52. Kd4 Qd3+ 53. Kc5 Rxd5+ 54. Kb4 Rb5+ 55. Ka3 Qd5 56. Qe7+ Kb8 57. Qe8+ Ka7 58. e6 Qc5+ 59. Ka4 Ra5# 0-1